Industrial Source Book of Pakistan 2014-2015 Edition (Record no. 71594)

000 -LEADER
fixed length control field 00494nam a22001817a 4500
003 - CONTROL NUMBER IDENTIFIER
control field NUST - PNEC
005 - DATE AND TIME OF LATEST TRANSACTION
control field 20170116181205.0
008 - FIXED-LENGTH DATA ELEMENTS--GENERAL INFORMATION
fixed length control field 160226b xxu||||| |||| 00| 0 eng d
020 ## - INTERNATIONAL STANDARD BOOK NUMBER
International Standard Book Number -
040 ## - CATALOGING SOURCE
Transcribing agency LIBRARY
082 ## - DEWEY DECIMAL CLASSIFICATION NUMBER
Classification number 030 BAH
100 ## - MAIN ENTRY--PERSONAL NAME
9 (RLIN) 16648
Personal name Bahalim, Arif A.
245 ## - TITLE STATEMENT
Title Industrial Source Book of Pakistan 2014-2015 Edition
Statement of responsibility, etc. Arif A. Bahalim
260 ## - PUBLICATION, DISTRIBUTION, ETC.
Place of publication, distribution, etc. Pakistan
Name of publisher, distributor, etc. world trade Publishers
300 ## - PHYSICAL DESCRIPTION
Extent 556 p. :
650 ## - SUBJECT ADDED ENTRY--TOPICAL TERM
9 (RLIN) 16649
Topical term or geographic name entry element Industrial
General subdivision General
942 ## - ADDED ENTRY ELEMENTS (KOHA)
Source of classification or shelving scheme
Koha item type Book
Holdings
Withdrawn status Lost status Source of classification or shelving scheme Damaged status Not for loan Permanent Location Current Location Shelving location Date acquired Source of acquisition Total Checkouts Full call number Barcode Date last seen Price effective from Koha item type
          Pakistan Navy Engineering College (PNEC) Pakistan Navy Engineering College (PNEC)     Donated Nust   030 BAH PNECLIB-032136 02/26/2016   Book
© 2023 Central Library, National University of Sciences and Technology. All Rights Reserved.